Normal view
MARC view
- Raghkveer, M. R, Krishnamurthy, K. A
Entry Personal Name
001 - CONTROL NUMBER
- control field: 67954
003 - CONTROL NUMBER IDENTIFIER
- control field: NUST
005 - DATE AND TIME OF LATEST TRANSACTION
- control field: 20210628203937.0
008 - FIXED-LENGTH DATA ELEMENTS
- fixed length control field: 210628|| aca||aabn | a|a d
040 ## - CATALOGING SOURCE
- Original cataloging agency: NUST
- Transcribing agency: NUST
100 ## - HEADING--PERSONAL NAME
- Personal name: Raghkveer, M. R, Krishnamurthy, K. A
670 ## - SOURCE DATA FOUND
- Source citation: Work cat.: (NUST): Raghkveer, M. R, Krishnamurthy, K. A, Electrical and electronics engineering for scientists and engineers, 1993
